17th Century People - Statistics

General Stats
  • This quiz has been taken 130 times
  • The average score is 4 of 10
Answer Stats
Dates Nationality Description Answer % Correct
1606-1669 Dutch "The Night Watch" painter Rembrandt van Rijn
86%
1600-1649 English Monarch who was executed during Oliver Cromwell's reign Charles I of England
82%
1608-1674 English "Paradise Lost" author John Milton
61%
1632-1675 Dutch "Girl with a Pearl Earring" painter Johannes Vermeer
55%
1622-1673 French "The Misanthrope" author Molière
33%
1602-1661 French Richelieu's successor as Chief Minister of France Cardinal Mazarin
21%
1632-1677 Portuguese/Dutch Jewish philosopher and "Ethics" author Baruch de Spinoza
20%
1629-1696 Polish King who beat the Turks at Vienna Jan III Sobieski
18%
1659-1695 English "Dido and Aeneas" composer Henry Purcell
16%
1623-1662 French Forefather of the Modern Theory of Probabilities Blaise Pascal
9%
No matching quizzes found
Score Distribution
Percent of People with Each Score
Percentile by Number Answered
Your Score History
You have not taken this quiz